Statistics for 100 Biggest Cities in Indonesia with a Map

Click here to take the quiz!

General Stats

  • This quiz has been taken 1,096 times
  • The average score is 26 of 100

Answers on the Map

Answers color-coded by a green-red scale on the quiz's map according to % correct below.
 

Answer Stats

PopulationCity% Correct
9,586,705Jakarta
99%
2,394,873Bandung
86%
2,765,487Surabaya
86%
788,589Denpasar
82%
2,097,610Medan
82%
1,331,391Makassar
72%
388,627Yogyakarta
67%
1,440,678Palembang
66%
1,520,481Semarang
63%
917,998Batam
52%
223,446Banda Aceh
49%
2,334,871Bekasi
49%
233,859Jayapura
49%
499,337Surakarta
49%
820,243Malang
46%
526,508Balikpapan
44%
873,007Bandar Lampung
43%
799,750Padang
43%
1,798,601Tangerang
43%
882,045Pekanbaru
42%
554,764Pontianak
42%
1,738,570 | 181,490Depok
41%
950,334Bogor
40%
612,849Banjarmasin
39%
515,901Jambi
39%
305,984Ambon
38%
394,683Manado
37%
685,859Samarinda
36%
428,484Serang
36%
296,389Cirebon
35%
173,951Gorontalo
35%
315,768Kupang
32%
310,168Palu
31%
1,290,322South Tangerang
31%
296,378Bengkulu
29%
158,418Ternate
29%
402,843Mataram
26%
200,608Palangka Raya
25%
360,125Cilegon
24%
177,396Tanjung Pinang
24%
578,046Tasikmalaya
24%
264,673Kendari
23%
162,930Pangkal Pinang
23%
239,599Tegal
23%
541,177Cimahi
22%
245,615Karawang
21%
268,507Kediri
21%
298,681Sukabumi
21%
178,854Tarakan
21%
192,309Banjarbaru
19%
155,385Bitung
19%
233,012Cilacap
19%
173,866Dumai
19%
170,964Madiun
19%
274,839Pekalongan
19%
170,948Batu
18%
233,951Purwokerto
17%
170,332Salatiga
17%
193,469Sidoarjo
17%
235,450Binjai
16%
150,056Cianjur
15%
305,576Jember
15%
196,957Probolinggo
15%
186,262Pasuruan
14%
234,698Pematangsiantar
13%
165,447Purwakarta
13%
183,567Duri
12%
147,087Pemalang
11%
326,519Cibinong
10%
712,111Cikarang
10%
158,824Lubuklinggau
10%
145,248Tebing Tinggi
10%
154,445Tanjungbalai
9%
147,797Padalarang
8%
178,687Tanjung Morawa
7%
246,369Cileungsi
6%
159,794Cileunyi
6%
150,342Majalaya
5%
162,293Sukaraja
5%
220,762Baleendah
4%
236,486Bojonggede
4%
185,284Cibitung
4%
149,167Ciomas
4%
186,333Citeureup
4%
309,918Gunung Putri
4%
147,543Rancaekek
4%
173,295Babelan
3%
220,032Cikupa
3%
213,224Taman
3%
528,839Tambun
3%
169,383Tarogong
3%
228,818Waru
3%
165,812Curug
2%
178,035Kelapa Dua
2%
145,215Klari
2%
227,634Pasarkemis
2%
340,844Percut Sei Tuan
2%
147,407Sepatan
2%
235,241Sunggal
2%

Score Distribution

Percentile by Number Answered

Percent of People with Each Score

Your Score History

You have not taken this quiz